This, But Not That IV Quiz Stats

 Plays Quiz Updated Jul 24, 2017

Support Sporcle.
Go Orange.
Score 0/18 Timer 05:00
4 Plays Today
% Correct
Beans
89.4%
Pixar Movies
89%
Monopoly Tokens
87.6%
Movie Dogs
87.2%
Characters from M*A*S*H
85.6%
Shades of Blue
85.4%
Angles
82.8%
Books of the Bible
80.3%
Apple Varieties
79.2%
% Correct
Palindromes
78.7%
Disneyland Rides
75.7%
Gay Rights Icons
75.2%
English Rock Bands
75%
Internal Organs
74.6%
Las Vegas Casinos
72.5%
Horses
70.1%
Thermal Insulators
65.6%
New York Yankees
57.6%

You're not logged in!

Compare scores with friends on all Sporcle quizzes.
OR
Log In
Forgot?

From the Vault

Bread by Country

by CaiustheTall

You ever feel sad and then remember that you can eat a bunch of bread?
Remove Ads.
Support Sporcle.
Get the best of Sporcle when you Go Orange. This ad-free experience offers more features, more stats, and more fun while also helping to support Sporcle. Thank you for becoming a member.

Show Comments

Extras

Top Quizzes Today


Score Distribution

Your Account Isn't Verified!

In order to create a playlist on Sporcle, you need to verify the email address you used during registration. Go to your Sporcle Settings to finish the process.

Report this User

Report this user for behavior that violates our Community Guidelines.

Details: